[Event "FRA-chT U20 16 GP Basse 1213"]
[Site "France"]
[Date "2013.05.20"]
[Round "11"]
[White "Hortion, Donat"]
[Black "Le Gluher, Thomas"]
[Result "1-0"]
[WhiteElo "1751"]
[BlackElo "1665"]
[PlyCount "100"]
[EventDate "2012.12.01"]
[EventType "team"]
[EventRounds "11"]
[EventCountry "FRA"]
[SourceTitle "EXT 2014"]
[Source "ChessBase"]
[SourceDate "2013.11.20"]
[SourceVersion "1"]
[SourceVersionDate "2013.11.20"]
[SourceQuality "1"]
[WhiteTeam "Lutece (U20)"]
[BlackTeam "Vandoeuvre U20"]
[WhiteTeamCountry "FRA"]
[BlackTeamCountry "FRA"]

1. d4 d5 2. c4 e6 3. Nc3 Nf6 4. Nf3 Be7 5. Bg5 b6 6. e3 Bb7 7. Be2 Nbd7 8. 0-0 0-0 9. Nd2 c5 10. Bf3 cxd4 11. exd4 Ba6 12. Be2 Bb7 13. Bf4 Rc8 14. Nb5 a6 15. Nd6 Bxd6 16. Bxd6 Re8 17. b3 e5 18. dxe5 Nxe5 19. Bxe5 Rxe5 20. Bf3 Ne4 21. Nxe4 dxe4 22. Qxd8+ Rxd8 23. Rad1 Ree8 24. Bg4 g6 25. Rxd8 Rxd8 26. Rd1 Rxd1+ 27. Bxd1 Kg7 28. Kf1 Kf6 29. Ke2 Ke5 30. Ke3 f5 31. f4+ exf3 32. Bxf3 Bxf3 33. gxf3 g5 34. f4+ gxf4+ 35. Kf3 Kd4 36. Kxf4 Kc3 37. Kxf5 a5 38. Ke4 Kb2 39. Kd3 Kxa2 40. Kc2 h6 41. h3 h5 42. h4 Ka3 43. Kc3 a4 44. b4 Ka2 45. Kc2 a3 46. c5 Ka1 47. c6 a2 48. c7 b5 49. Kb3 Kb1 50. c8Q a1N+ 1-0

[Event "FRA-chT U20 GpA 1213"]
[Site "France"]
[Date "2013.01.04"]
[Round "4"]
[White "Le Gluher, Thomas"]
[Black "Lamard, Guillaume"]
[Result "0-1"]
[WhiteElo "1665"]
[BlackElo "2246"]
[PlyCount "74"]
[EventDate "2012.12.01"]
[EventType "team"]
[EventRounds "7"]
[EventCountry "FRA"]
[SourceTitle "EXT 2014"]
[Source "ChessBase"]
[SourceDate "2013.11.20"]
[SourceVersion "1"]
[SourceVersionDate "2013.11.20"]
[SourceQuality "1"]
[WhiteTeam "Vandoeuvre U20"]
[BlackTeam "Cannes (U20)"]
[WhiteTeamCountry "FRA"]
[BlackTeamCountry "FRA"]

1. e4 e6 2. Nc3 d5 3. Nf3 Nf6 4. e5 Nfd7 5. d4 c5 6. Bf4 Nc6 7. dxc5 a6 8. Qd2 Nxc5 9. Be2 Be7 10. 0-0 0-0 11. Rad1 Bd7 12. a3 Na7 13. Be3 Qc7 14. Rc1 Rfd8 15. Bd4 Nb5 16. Qe3 Nxd4 17. Nxd4 Bc6 18. f4 Ne4 19. Nxe4 dxe4 20. Nxc6 Qxc6 21. b4 a5 22. c3 Rac8 23. Kh1 Rc7 24. Rfe1 Rdc8 25. Bf1 Qa4 26. Qxe4 Qxa3 27. bxa5 Qxa5 28. c4 g6 29. Red1 Qc5 30. Rb1 b6 31. Be2 Ra7 32. Rb5 Qc7 33. Rdb1 Bc5 34. R5b2 Rd8 35. Rd1 Rxd1+ 36. Bxd1 Qd8 37. Qc2 Qd4 0-1

[Event "FRA-chT U20 GpA 1213"]
[Site "France"]
[Date "2012.12.02"]
[Round "2"]
[White "Le Gluher, Thomas"]
[Black "Hoerdt, Audran"]
[Result "1/2-1/2"]
[WhiteElo "1665"]
[BlackElo "1741"]
[PlyCount "78"]
[EventDate "2012.12.01"]
[EventType "team"]
[EventRounds "7"]
[EventCountry "FRA"]
[SourceTitle "EXT 2014"]
[Source "ChessBase"]
[SourceDate "2013.11.20"]
[SourceVersion "1"]
[SourceVersionDate "2013.11.20"]
[SourceQuality "1"]
[WhiteTeam "Vandoeuvre U20"]
[BlackTeam "Bischwiller (U20)"]
[WhiteTeamCountry "FRA"]
[BlackTeamCountry "FRA"]

1. e4 e6 2. Nf3 d5 3. Nc3 c5 4. d4 Nf6 5. e5 Nfd7 6. Bf4 Nc6 7. Bb5 Qb6 8. Qd2 cxd4 9. Bxc6 dxc3 10. Bxd7+ Bxd7 11. bxc3 Bb5 12. Rb1 Qa6 13. Nd4 Bc4 14. a4 Qxa4 15. Rxb7 Qa1+ 16. Qd1 Qxc3+ 17. Qd2 Qa1+ 18. Qd1 Qxd1+ 19. Kxd1 Bc5 20. Be3 Bb6 21. Nc6 Bxe3 22. fxe3 a5 23. Kd2 0-0 24. Ra1 a4 25. Ra3 f6 26. Nd4 fxe5 27. Nxe6 Rf2+ 28. Kc3 Rxg2 29. Nc7 Rc8 30. Rxa4 Rxh2 31. Raa7 g5 32. Kb2 Bd3 33. Ka3 Be4 34. Ne6 Rhxc2 35. Nxg5 R8c3+ 36. Kb4 Rc4+ 37. Kb3 R2c3+ 38. Kb2 Rc2+ 39. Kb3 R2c3+ 1/2-1/2

[Event "FRA-chT U20 GpA 1213"]
[Site "France"]
[Date "2012.12.01"]
[Round "1"]
[White "Viennot, Dylan"]
[Black "Le Gluher, Thomas"]
[Result "1-0"]
[WhiteElo "2196"]
[BlackElo "1665"]
[PlyCount "93"]
[EventDate "2012.12.01"]
[EventType "team"]
[EventRounds "7"]
[EventCountry "FRA"]
[SourceTitle "EXT 2014"]
[Source "ChessBase"]
[SourceDate "2013.11.20"]
[SourceVersion "1"]
[SourceVersionDate "2013.11.20"]
[SourceQuality "1"]
[WhiteTeam "Mulhouse (U20)"]
[BlackTeam "Vandoeuvre U20"]
[WhiteTeamCountry "FRA"]
[BlackTeamCountry "FRA"]

1. e4 e6 2. d4 d5 3. Nc3 Nf6 4. e5 Nfd7 5. f4 c5 6. Nf3 b6 7. Be3 Ba6 8. Bxa6 Nxa6 9. Qe2 Nc7 10. 0-0 Be7 11. Rad1 f5 12. exf6 Bxf6 13. f5 Qe7 14. Bf4 cxd4 15. Nb5 Nxb5 16. Qxb5 0-0 17. fxe6 Qxe6 18. Rde1 Qf7 19. Bd6 a6 20. Qb3 Rfe8 21. Rxe8+ Qxe8 22. Qxd5+ Kh8 23. Re1 Qg8 24. Qc6 Qc8 25. Qe4 Nc5 26. Bxc5 bxc5 27. Nd2 h6 28. b3 Rb8 29. h3 Qd7 30. Qe6 Qb7 31. Ne4 Be7 32. Rf1 Rf8 33. Rxf8+ Bxf8 34. Qe8 Qe7 35. Qxe7 Bxe7 36. Kf2 Kg8 37. Ke2 Kf7 38. Kd3 Ke6 39. Kc4 Ke5 40. Nxc5 g5 41. Nd3+ Ke4 42. b4 h5 43. a4 Ke3 44. Kd5 g4 45. hxg4 hxg4 46. b5 axb5 47. a5 1-0

[Event "Cap d'Agde CCAS op"]
[Site "Cap d'Agde"]
[Date "2010.10.31"]
[Round "6"]
[White "Le Gluher, Thomas"]
[Black "Labrosse, Pierre Henri"]
[Result "0-1"]
[WhiteElo "1733"]
[BlackElo "1685"]
[PlyCount "60"]
[EventDate "2010.10.23"]
[EventType "swiss"]
[EventRounds "7"]
[EventCountry "FRA"]
[SourceTitle "EXT 2012"]
[Source "ChessBase"]
[SourceDate "2011.11.24"]
[SourceVersion "1"]
[SourceVersionDate "2011.11.24"]
[SourceQuality "1"]

1. e4 d5 2. exd5 Nf6 3. Nc3 Nxd5 4. Nxd5 Qxd5 5. d4 Nc6 6. Nf3 Bg4 7. Be2 0-0-0 8. Be3 Qf5 9. 0-0 e5 10. c3 h5 11. Qa4 Bxf3 12. Bxf3 e4 13. Be2 g5 14. Rad1 a6 15. c4 g4 16. g3 h4 17. d5 Ne5 18. Bf4 hxg3 19. Bxg3 Nf3+ 20. Kg2 Qh5 21. h4 gxh3+ 22. Kh1 Bd6 23. Rg1 Qf5 24. Bxd6 Rxd6 25. Rg3 Rg6 26. Rf1 Qf4 27. Bxf3 exf3 28. Rfg1 h2 29. Rxg6 hxg1Q+ 30. Kxg1 Qc1+ 0-1